000 00344nam a22001337a 4500
020 _qPB.
040 _cFIZZA ISHAQ
082 _a510.2
_bJAM
100 _aSTREETER,JAMES.
_9133294
245 _aFUNDAMENTALS OF MATHEMATICS /
_cJAMES STREETER.
260 _aNEW YORK ;
_bMcGRAW-HILL,
_c1995.
300 _a634 P. ;
_c11.1X8.9IN
942 _2ddc
_cBK
999 _c617367
_d617367